[Event "GER-ch Youth U16 2019"]
[Site "Willingen"]
[Date "2019.06.12"]
[Round "5.8"]
[White "Nguyen, Alex Dac-Vuong"]
[Black "Gutkin, Ilya"]
[Result "1-0"]
[WhiteElo "2287"]
[BlackElo "2041"]
[Annotator "NA"]
[PlyCount "87"]
[EventDate "2019.06.07"]
[EventType "swiss"]
[EventRounds "9"]
[EventCountry "GER"]
[SourceTitle "playchess.com"]
[Source "ChessBase"]
[SourceQuality "1"]
[TimeControl "40/5400+30:1800+30"]

1. e4 {[%emt 0:00:00]} e6 {[%emt 0:00:00]} 2. d4 {[%emt 0:00:00]} d5 {[%emt 0:00:00]} 3. Nc3 {[%emt 0:00:00]} Nf6 {[%emt 0:00:42]} 4. e5 {[%emt 0:00:03]} Nfd7 {[%emt 0:00:05]} 5. f4 {[%emt 0:00:42]} c5 {[%emt 0:00:08]} 6. Nf3 {[%emt 0:00:11]} Qb6 {[%emt 0:00:57]} 7. Ne2 {[%emt 0:02:48]} Nc6 {[%emt 0:03:17]} 8. c3 {[%emt 0:00:09]} Be7 {[%emt 0:01:46]} 9. g3 {[%emt 0:00:53]} O-O {[%emt 0:10:22]} 10. Bh3 {[%emt 0:10:50]} cxd4 {[%emt 0:03:58]} 11. cxd4 {[%emt 0:02:52]} f5 {[%emt 0:03:43]} 12. O-O {[%emt 0:03:02]} Rd8 {[%emt 0:05:28]} 13. Nc3 {[%emt 0:06:46]} Nf8 {[%emt 0:02:09]} 14. Rf2 {[%emt 0:02:07]} g6 {[%emt 0:07:07]} 15. Be3 {[%emt 0:03:21]} Bd7 {[%emt 0:02:06]} 16. Na4 {[%emt 0:13:02]} Qc7 {[%emt 0:10:43]} 17. Rc1 {[%emt 0:00:53]} b6 {[%emt 0:02:32]} 18. a3 {[%emt 0:03:53]} Qb7 {[%emt 0:01:09]} 19. Bd2 {[%emt 0:05:44]} Rdc8 {[%emt 0:07:01]} 20. Bf1 {[%emt 0:01:26]} Rc7 {[%emt 0:07:34]} 21. b4 {[%emt 0:08:29]} a5 {[%emt 0:07:17]} 22. b5 {[%emt 0:00:25]} Na7 {[%emt 0:02:53]} 23. Rxc7 {[%emt 0:01:34]} Qxc7 {[%emt 0:00:04]} 24. Qb3 {[%emt 0:00:06]} Rc8 {[%emt 0:06:41]} 25. Bd3 {[%emt 0:00:18]} Qb7 {[%emt 0:01:01]} 26. h3 {[%emt 0:01:06]} Rc7 {[%emt 0:03:37]} 27. Rg2 {[%emt 0:00:42]} Nc8 {[%emt 0:00:23]} 28. Kf2 {[%emt 0:03:28]} Be8 {[%emt 0:01:24]} 29. Rg1 {[%emt 0:00:24]} Kh8 {[%emt 0:00:55]} 30. Nb2 {[%emt 0:00:31]} Bd8 {[%emt 0:00:56]} 31. a4 {[%emt 0:00:07]} Rg7 {[%emt 0:01:46]} 32. g4 {[%emt 0:02:28]} Bf7 {[%emt 0:05:08]} 33. Nd1 {[%emt 0:00:10]} Ne7 {[%emt 0:00:35]} 34. Ne3 {[%emt 0:00:19]} Rg8 {[%emt 0:00:40]} 35. Ke2 {[%emt 0:01:28]} Rg7 {[%emt 0:00:25]} 36. Be1 {[%emt 0:01:53]} Qd7 {[%emt 0:00:46]} 37. Bh4 {[%emt 0:02:53]} Ng8 {[%emt 0:00:25]} 38. Bf2 {[%emt 0:04:55]} Ne7 {[%emt 0:00:13]} 39. Qc2 {[%emt 0:00:14]} Qc7 {[%emt 0:00:51]} 40. Qxc7 {[%emt 0:02:00]} Bxc7 {[%emt 0:00:05]} 41. Bh4 {[%emt 0:30:07]} Ng8 {[%emt 0:03:09]} 42. Bf6 {[%emt 0:00:00]} Nd7 {[%emt 0:08:29]} 43. Bxg7+ {[%emt 0:00:00] normal} Kxg7 {[%emt 0:00:05]} 44. gxf5 1-0

[Event "GER-ch Youth U16 2019"]
[Site "Willingen"]
[Date "2019.06.12"]
[Round "5.9"]
[White "Boder, Jan"]
[Black "Hommel, Niclas"]
[Result "1/2-1/2"]
[WhiteElo "2123"]
[BlackElo "1953"]
[Annotator "NA"]
[PlyCount "77"]
[EventDate "2019.06.07"]
[EventType "swiss"]
[EventRounds "9"]
[EventCountry "GER"]
[SourceTitle "playchess.com"]
[Source "ChessBase"]
[SourceQuality "1"]
[TimeControl "40/5400+30:1800+30"]

1. e4 {[%emt 0:00:00]} c5 {[%emt 0:00:00]} 2. Nf3 {[%emt 0:00:00]} d6 {[%emt 0:00:00]} 3. Bb5+ {[%emt 0:00:00]} Nd7 {[%emt 0:00:00]} 4. O-O {[%emt 0:00:00]} a6 {[%emt 0:00:00]} 5. Bd3 {[%emt 0:00:00]} Ngf6 {[%emt 0:00:31]} 6. Re1 {[%emt 0:00:05]} e6 {[%emt 0:00:37]} 7. c3 {[%emt 0:02:24]} Be7 {[%emt 0:00:59]} 8. Bc2 {[%emt 0:00:17]} b5 {[%emt 0:02:14]} 9. d4 {[%emt 0:02:04]} Bb7 {[%emt 0:01:30]} 10. Nbd2 {[%emt 0:18:18]} cxd4 {[%emt 0:15:28]} 11. cxd4 {[%emt 0:01:45]} Rc8 {[%emt 0:06:14]} 12. a4 {[%emt 0:07:01]} b4 {[%emt 0:09:46]} 13. Bd3 {[%emt 0:05:06]} O-O {[%emt 0:06:29]} 14. b3 {[%emt 0:01:28]} e5 {[%emt 0:04:43]} 15. d5 {[%emt 0:03:18]} Nc5 {[%emt 0:00:13]} 16. Nc4 {[%emt 0:01:33]} a5 {[%emt 0:02:09]} 17. Bc2 {[%emt 0:02:45]} Ba6 {[%emt 0:01:00]} 18. Nfd2 {[%emt 0:00:24]} Re8 {[%emt 0:03:09]} 19. Bb2 {[%emt 0:00:55]} Nfd7 {[%emt 0:08:46]} 20. g3 {[%emt 0:24:28]} Nb6 {[%emt 0:09:54]} 21. Nxa5 {[%emt 0:07:58]} Nbxa4 {[%emt 0:00:11]} 22. bxa4 {[%emt 0:00:54]} Qxa5 {[%emt 0:00:04]} 23. Nb3 {[%emt 0:00:15]} Nxb3 {[%emt 0:09:44]} 24. Bxb3 {[%emt 0:00:05]} Bd8 {[%emt 0:02:04]} 25. Rc1 {[%emt 0:03:09]} Bb6 {[%emt 0:00:22]} 26. Qd2 {[%emt 0:00:19]} Bc5 {[%emt 0:06:39]} 27. Kg2 {[%emt 0:00:25]} Rc7 {[%emt 0:00:29]} 28. f4 {[%emt 0:00:39]} f6 {[%emt 0:00:10]} 29. h3 {[%emt 0:01:13]} Kh8 {[%emt 0:00:22]} 30. g4 {[%emt 0:00:34]} Rec8 {[%emt 0:02:43]} 31. g5 {[%emt 0:01:22]} Rf8 {[%emt 0:03:24]} 32. f5 {[%emt 0:00:12]} fxg5 {[%emt 0:01:31]} 33. Qxg5 {[%emt 0:08:00]} g6 {[%emt 0:00:41]} 34. Kh2 {[%emt 0:03:31]} gxf5 {[%emt 0:00:41]} 35. exf5 {[%emt 0:00:32]} Rg7 {[%emt 0:00:19]} 36. Qh5 {[%emt 0:00:56]} Rfg8 37. Rc2 Bd3 38. Rd2 Rg5 39. Qf3 {normal} 1/2-1/2

[Event "GER-ch Youth U16 2019"]
[Site "Willingen"]
[Date "2019.06.12"]
[Round "5.10"]
[White "Burian, Simon"]
[Black "Kopylov, Daniel"]
[Result "0-1"]
[WhiteElo "2001"]
[BlackElo "2263"]
[Annotator "NA"]
[PlyCount "88"]
[EventDate "2019.06.07"]
[EventType "swiss"]
[EventRounds "9"]
[EventCountry "GER"]
[SourceTitle "playchess.com"]
[Source "ChessBase"]
[SourceQuality "1"]
[TimeControl "40/5400+30:1800+30"]

1. e4 {[%emt 0:00:00]} c5 {[%emt 0:00:00]} 2. Nf3 {[%emt 0:00:00]} d6 {[%emt 0:00:00]} 3. d4 {[%emt 0:00:00]} cxd4 {[%emt 0:00:00]} 4. Nxd4 {[%emt 0:00:02]} Nf6 {[%emt 0:00:08]} 5. Nc3 {[%emt 0:00:14]} Nc6 {[%emt 0:00:11]} 6. Bg5 {[%emt 0:00:48]} e6 {[%emt 0:00:32]} 7. Qd2 {[%emt 0:01:30]} Be7 {[%emt 0:00:10]} 8. O-O-O {[%emt 0:00:35]} Nxd4 {[%emt 0:00:13]} 9. Qxd4 {[%emt 0:00:07]} O-O {[%emt 0:00:13]} 10. f4 {[%emt 0:00:52]} Qa5 {[%emt 0:00:31]} 11. e5 {[%emt 0:00:30]} dxe5 {[%emt 0:01:07]} 12. Qxe5 {[%emt 0:00:12]} Qxe5 {[%emt 0:00:23]} 13. fxe5 {[%emt 0:00:08]} Nd5 {[%emt 0:00:26]} 14. Bxe7 {[%emt 0:00:06]} Nxe7 {[%emt 0:00:07]} 15. Bd3 {[%emt 0:00:13]} b6 {[%emt 0:01:54]} 16. Rhe1 {[%emt 0:07:16]} Ng6 {[%emt 0:13:20]} 17. Bxg6 {[%emt 0:03:42]} hxg6 {[%emt 0:01:59]} 18. g3 {[%emt 0:03:55]} Bb7 {[%emt 0:06:54]} 19. Rd6 {[%emt 0:05:05]} Rfc8 {[%emt 0:07:03]} 20. Re3 {[%emt 0:07:11]} g5 {[%emt 0:05:52]} 21. b4 {[%emt 0:07:56]} Rc4 {[%emt 0:04:09]} 22. a3 {[%emt 0:00:21]} Rac8 {[%emt 0:00:17]} 23. Kb2 {[%emt 0:01:00]} g4 {[%emt 0:00:40]} 24. Rd7 {[%emt 0:02:41]} R8c7 {[%emt 0:03:46]} 25. Rxc7 {[%emt 0:00:27]} Rxc7 {[%emt 0:00:02]} 26. Rd3 {[%emt 0:06:05]} Bf3 {[%emt 0:07:03]} 27. Kb3 {[%emt 0:05:51]} f6 {[%emt 0:02:14]} 28. Rd8+ {[%emt 0:02:19]} Kf7 {[%emt 0:07:58]} 29. Nb5 {[%emt 0:02:03]} Re7 {[%emt 0:01:01]} 30. exf6 {[%emt 0:02:28]} gxf6 {[%emt 0:01:58]} 31. Rc8 {[%emt 0:01:55]} e5 {[%emt 0:06:00]} 32. Rc7 {[%emt 0:05:14]} Rxc7 {[%emt 0:01:13]} 33. Nxc7 {[%emt 0:00:06]} Bc6 {[%emt 0:00:42]} 34. Kc4 {[%emt 0:00:46]} f5 {[%emt 0:01:41]} 35. b5 {[%emt 0:01:13]} Bb7 {[%emt 0:01:19]} 36. Nd5 {[%emt 0:02:17]} Bxd5+ {[%emt 0:01:30]} 37. Kxd5 {[%emt 0:00:05]} f4 {[%emt 0:00:08]} 38. gxf4 {[%emt 0:00:28]} exf4 {[%emt 0:00:07]} 39. Ke4 {[%emt 0:00:11]} f3 {[%emt 0:00:27]} 40. Ke3 {[%emt 0:00:04]} Ke6 {[%emt 0:00:15]} 41. h3 {[%emt 0:31:47]} gxh3 {[%emt 0:30:10]} 42. Kxf3 {[%emt 0:00:05]} Kd5 {[%emt 0:00:17]} 43. Kg3 {[%emt 0:00:05]} Kc4 {[%emt 0:00:23]} 44. Kxh3 {[%emt 0:00:06]} Kxb5 {[%emt 0:00:18] normal} 0-1

[Event "GER-ch Youth U16 2019"]
[Site "Willingen"]
[Date "2019.06.12"]
[Round "5.11"]
[White "Liebold, Aaron"]
[Black "Huber, Benedikt"]
[Result "1-0"]
[WhiteElo "1870"]
[BlackElo "2051"]
[Annotator "NA"]
[PlyCount "50"]
[EventDate "2019.06.07"]
[EventType "swiss"]
[EventRounds "9"]
[EventCountry "GER"]
[SourceTitle "playchess.com"]
[Source "ChessBase"]
[SourceQuality "1"]
[TimeControl "40/5400+30:1800+30"]

1. e4 {[%emt 0:00:00]} c5 {[%emt 0:00:00]} 2. Nf3 {[%emt 0:00:00]} e6 {[%emt 0:00:00]} 3. c4 {[%emt 0:00:38]} Nc6 {[%emt 0:01:09]} 4. Nc3 {[%emt 0:00:08]} Nf6 {[%emt 0:02:07]} 5. Be2 {[%emt 0:01:14]} d5 {[%emt 0:04:03]} 6. exd5 {[%emt 0:02:01]} exd5 {[%emt 0:00:18]} 7. d4 {[%emt 0:00:32]} cxd4 {[%emt 0:05:00]} 8. Nxd4 {[%emt 0:04:57]} Bb4 {[%emt 0:00:40]} 9. O-O {[%emt 0:02:01]} h6 {[%emt 0:12:11]} 10. Nxd5 {[%emt 0:05:57]} Nxd5 {[%emt 0:04:55]} 11. Nxc6 {[%emt 0:04:35]} bxc6 {[%emt 0:08:08]} 12. cxd5 {[%emt 0:00:24]} O-O {[%emt 0:00:26]} 13. dxc6 {[%emt 0:02:03]} Qb6 {[%emt 0:00:10]} 14. Be3 {[%emt 0:02:46]} Bc5 {[%emt 0:01:24]} 15. Bxc5 {[%emt 0:04:36]} Qxc5 {[%emt 0:01:16]} 16. Bf3 {[%emt 0:05:16]} Ba6 {[%emt 0:01:54]} 17. Qc1 {[%emt 0:02:48]} Qa5 {[%emt 0:04:08]} 18. Rd1 {[%emt 0:01:49]} Rac8 {[%emt 0:01:14]} 19. a3 {[%emt 0:02:35]} Bb5 {[%emt 0:04:55]} 20. a4 {[%emt 0:03:04]} Ba6 {[%emt 0:07:33]} 21. Rd4 {[%emt 0:04:56]} Qb6 {[%emt 0:01:51]} 22. Qc3 {[%emt 0:01:12]} Rfe8 {[%emt 0:01:09]} 23. Rg4 {[%emt 0:05:55]} g6 {[%emt 0:00:31]} 24. Bd5 {[%emt 0:02:09]} Kf8 {[%emt 0:03:04]} 25. Qh8+ {[%emt 0:05:14]} Ke7 {[%emt 0:00:13] normal} 1-0

[Event "GER-ch Youth U16 2019"]
[Site "Willingen"]
[Date "2019.06.12"]
[Round "5.12"]
[White "Pahl, Erik"]
[Black "Roehr, Tobias"]
[Result "1/2-1/2"]
[WhiteElo "2113"]
[BlackElo "2208"]
[Annotator "NA"]
[PlyCount "87"]
[EventDate "2019.06.07"]
[EventType "swiss"]
[EventRounds "9"]
[EventCountry "GER"]
[SourceTitle "playchess.com"]
[Source "ChessBase"]
[SourceQuality "1"]
[TimeControl "40/5400+30:1800+30"]

1. e4 {[%emt 0:00:00]} c5 {[%emt 0:00:00]} 2. Nf3 {[%emt 0:00:00]} e6 {[%emt 0:00:00]} 3. d4 {[%emt 0:00:00]} cxd4 {[%emt 0:00:00]} 4. Nxd4 {[%emt 0:00:00]} Nc6 {[%emt 0:00:00]} 5. Nc3 {[%emt 0:00:00]} Qc7 {[%emt 0:00:00]} 6. Be3 {[%emt 0:00:00]} a6 {[%emt 0:00:00]} 7. Qf3 {[%emt 0:00:01]} Bd6 {[%emt 0:00:57]} 8. O-O-O {[%emt 0:01:41]} Be5 {[%emt 0:00:34]} 9. Nxc6 {[%emt 0:26:21]} bxc6 {[%emt 0:01:10]} 10. Bd4 {[%emt 0:03:07]} Nf6 {[%emt 0:01:41]} 11. Bxe5 {[%emt 0:00:42]} Qxe5 {[%emt 0:00:06]} 12. Qg3 {[%emt 0:00:05]} Qxg3 {[%emt 0:01:05]} 13. hxg3 {[%emt 0:00:06]} d5 {[%emt 0:06:02]} 14. exd5 {[%emt 0:03:49]} cxd5 {[%emt 0:01:33]} 15. Bd3 {[%emt 0:05:09]} Bb7 {[%emt 0:03:10]} 16. Rhe1 {[%emt 0:03:45]} O-O {[%emt 0:02:57]} 17. b3 {[%emt 0:02:41]} Rac8 {[%emt 0:03:52]} 18. Kb2 {[%emt 0:01:19]} g6 {[%emt 0:09:35]} 19. a4 {[%emt 0:07:16]} Nd7 {[%emt 0:12:49]} 20. Be2 {[%emt 0:07:51]} Rc7 {[%emt 0:02:52]} 21. Bf3 {[%emt 0:08:49]} Rfc8 {[%emt 0:01:59]} 22. Re3 {[%emt 0:00:41]} Nf6 {[%emt 0:13:50]} 23. Rdd3 {[%emt 0:10:58]} a5 {[%emt 0:08:42]} 24. Rd2 {[%emt 0:02:33]} Ba6 {[%emt 0:05:25]} 25. Nd1 {[%emt 0:02:08]} h5 {[%emt 0:06:18]} 26. Rc3 {[%emt 0:00:39]} Kg7 {[%emt 0:03:25]} 27. Rxc7 {[%emt 0:00:48]} Rxc7 {[%emt 0:00:04]} 28. Ne3 {[%emt 0:00:44]} g5 {[%emt 0:04:15]} 29. g4 {[%emt 0:04:54]} h4 {[%emt 0:02:44]} 30. c3 {[%emt 0:00:37]} Rb7 {[%emt 0:02:10]} 31. c4 {[%emt 0:01:15]} Rd7 {[%emt 0:00:24]} 32. cxd5 {[%emt 0:00:39]} exd5 {[%emt 0:01:45]} 33. Kc3 {[%emt 0:01:32]} Rc7+ {[%emt 0:00:46]} 34. Kb2 {[%emt 0:01:08]} Bb7 {[%emt 0:01:53]} 35. Nf5+ {[%emt 0:00:27]} Kg6 {[%emt 0:00:33]} 36. Rc2 {[%emt 0:00:19]} Rxc2+ {[%emt 0:00:51]} 37. Kxc2 {[%emt 0:00:08]} Ne4 {[%emt 0:00:34]} 38. Bxe4 {[%emt 0:00:10]} dxe4 {[%emt 0:00:07]} 39. Kc3 {[%emt 0:00:15]} e3 {[%emt 0:01:30]} 40. f3 {[%emt 0:03:58]} Kf6 {[%emt 0:02:50]} 41. Kd3 {[%emt 0:32:31]} Bd5 {[%emt 0:04:10]} 42. Nd4 {[%emt 0:00:00]} Ke5 {[%emt 0:01:58] normal} 43. Kxe3 {[%emt 0:00:00]} f6 {[%emt 0:01:52]} 44. Kd3 {[%emt 0:00:00] normal} 1/2-1/2

[Event "GER-ch Youth U16 2019"]
[Site "Willingen"]
[Date "2019.06.12"]
[Round "5.13"]
[White "Jeschke, Jan"]
[Black "Biermann, Florian"]
[Result "0-1"]
[WhiteElo "1915"]
[BlackElo "2018"]
[Annotator "NA"]
[PlyCount "102"]
[EventDate "2019.06.07"]
[EventType "swiss"]
[EventRounds "9"]
[EventCountry "GER"]
[SourceTitle "playchess.com"]
[Source "ChessBase"]
[SourceQuality "1"]
[TimeControl "40/5400+30:1800+30"]

1. e4 {[%emt 0:00:00]} c5 {[%emt 0:00:00]} 2. d4 {[%emt 0:00:00]} cxd4 {[%emt 0:00:00]} 3. c3 {[%emt 0:00:00]} g6 {[%emt 0:00:00]} 4. cxd4 {[%emt 0:01:41]} d5 {[%emt 0:00:00]} 5. e5 {[%emt 0:01:26]} Nc6 {[%emt 0:00:11]} 6. Nc3 {[%emt 0:00:52]} Bg7 {[%emt 0:00:21]} 7. Be2 {[%emt 0:13:54]} f6 {[%emt 0:07:30]} 8. f4 {[%emt 0:00:34]} Nh6 {[%emt 0:03:59]} 9. Bf3 {[%emt 0:11:27]} e6 {[%emt 0:03:44]} 10. Be3 {[%emt 0:03:12]} Qb6 {[%emt 0:06:42]} 11. Nge2 {[%emt 0:14:21]} fxe5 {[%emt 0:21:56]} 12. fxe5 {[%emt 0:07:00]} O-O {[%emt 0:02:02]} 13. Qd2 {[%emt 0:03:19]} Nf5 {[%emt 0:01:17]} 14. O-O {[%emt 0:03:27]} Bd7 {[%emt 0:06:20]} 15. Na4 {[%emt 0:04:40]} Qb4 {[%emt 0:09:47]} 16. Qxb4 {[%emt 0:03:17]} Nxb4 {[%emt 0:00:05]} 17. Bd2 {[%emt 0:00:06]} Nc2 {[%emt 0:00:57]} 18. Nc5 {[%emt 0:00:26]} Bc8 {[%emt 0:00:17]} 19. Rac1 {[%emt 0:03:36]} Ncxd4 {[%emt 0:00:26]} 20. Nxd4 {[%emt 0:00:08]} Nxd4 {[%emt 0:00:07]} 21. Bg4 {[%emt 0:00:48]} Rxf1+ {[%emt 0:00:22]} 22. Rxf1 {[%emt 0:00:31]} b6 {[%emt 0:00:12]} 23. Na4 {[%emt 0:07:39]} Bxe5 {[%emt 0:02:49]} 24. Re1 {[%emt 0:02:11]} Bg7 {[%emt 0:00:14]} 25. Bc3 {[%emt 0:00:07]} Nf5 {[%emt 0:02:19]} 26. Kf2 {[%emt 0:01:28]} d4 {[%emt 0:01:53]} 27. Bf3 {[%emt 0:01:23]} Rb8 {[%emt 0:01:30]} 28. Bd2 {[%emt 0:01:49]} Bd7 {[%emt 0:00:14]} 29. b3 {[%emt 0:01:01]} Rc8 {[%emt 0:01:23]} 30. Bd1 {[%emt 0:01:18]} e5 {[%emt 0:01:01]} 31. Nb2 {[%emt 0:00:28]} Bc6 {[%emt 0:00:32]} 32. Bb4 {[%emt 0:01:22]} e4 {[%emt 0:01:06]} 33. g4 {[%emt 0:00:05]} Ne3 {[%emt 0:01:23]} 34. Nc4 {[%emt 0:00:57]} Nxc4 {[%emt 0:01:34]} 35. bxc4 {[%emt 0:00:07]} e3+ {[%emt 0:00:54]} 36. Ke2 {[%emt 0:00:06]} Re8 {[%emt 0:02:14]} 37. Bb3 {[%emt 0:00:11]} Be5 {[%emt 0:01:39]} 38. Rf1 {[%emt 0:01:11]} Kg7 {[%emt 0:02:18]} 39. g5 {[%emt 0:00:06]} Bg2 {[%emt 0:01:23]} 40. Rc1 {[%emt 0:00:55]} Be4 {[%emt 0:04:59]} 41. c5 {[%emt 0:30:49]} Bf4 {[%emt 0:32:55]} 42. Rf1 {[%emt 0:00:25]} d3+ {[%emt 0:00:37]} 43. Ke1 {[%emt 0:00:05]} d2+ {[%emt 0:00:29]} 44. Ke2 {[%emt 0:00:26]} Bxg5 {[%emt 0:01:19]} 45. cxb6 {[%emt 0:01:36]} Bd3+ {[%emt 0:01:06]} 46. Kxd3 {[%emt 0:00:07]} e2 {[%emt 0:00:07]} 47. Rf7+ {[%emt 0:01:38]} Kh6 {[%emt 0:00:18]} 48. Bf8+ {[%emt 0:00:08]} Kh5 {[%emt 0:03:41]} 49. Rxh7+ {[%emt 0:00:07]} Kg4 {[%emt 0:00:16]} 50. h3+ {[%emt 0:00:05]} Kg3 {[%emt 0:00:14]} 51. Bd6+ {[%emt 0:00:09]} Bf4 {[%emt 0:00:21] normal} 0-1

[Event "GER-ch Youth U16 2019"]
[Site "Willingen"]
[Date "2019.06.12"]
[Round "5.14"]
[White "Buller, Ian Joshua"]
[Black "Koehler, Lukas"]
[Result "1/2-1/2"]
[WhiteElo "1904"]
[BlackElo "2068"]
[Annotator "NA"]
[PlyCount "80"]
[EventDate "2019.06.07"]
[EventType "swiss"]
[EventRounds "9"]
[EventCountry "GER"]
[SourceTitle "playchess.com"]
[Source "ChessBase"]
[SourceQuality "1"]
[TimeControl "40/5400+30:1800+30"]

1. e4 {[%emt 0:00:00]} c6 {[%emt 0:00:00]} 2. d4 {[%emt 0:00:00]} d5 {[%emt 0:00:00]} 3. exd5 {[%emt 0:00:00]} cxd5 {[%emt 0:00:00]} 4. Bd3 {[%emt 0:00:00]} Nf6 {[%emt 0:00:00]} 5. h3 {[%emt 0:00:13]} Qc7 {[%emt 0:00:16]} 6. Nf3 {[%emt 0:00:49]} g6 {[%emt 0:00:16]} 7. O-O {[%emt 0:02:20]} Bf5 {[%emt 0:00:07]} 8. Re1 {[%emt 0:09:15]} Nc6 {[%emt 0:01:39]} 9. c3 {[%emt 0:00:24]} Bg7 {[%emt 0:01:15]} 10. Qe2 {[%emt 0:15:53]} Bxd3 {[%emt 0:00:57]} 11. Qxd3 {[%emt 0:00:08]} O-O {[%emt 0:01:06]} 12. Nbd2 {[%emt 0:03:25]} Nd7 {[%emt 0:05:31]} 13. Nf1 {[%emt 0:06:20]} Rfe8 {[%emt 0:03:42]} 14. Be3 {[%emt 0:08:44]} a6 {[%emt 0:04:45]} 15. Qd2 {[%emt 0:03:42]} Nb6 {[%emt 0:07:56]} 16. b3 {[%emt 0:01:15]} f6 {[%emt 0:02:12]} 17. Rac1 {[%emt 0:03:17]} Rad8 {[%emt 0:10:10]} 18. Bh6 {[%emt 0:01:49]} e5 {[%emt 0:04:29]} 19. dxe5 {[%emt 0:02:02]} fxe5 {[%emt 0:01:02]} 20. Bxg7 {[%emt 0:00:28]} Qxg7 {[%emt 0:03:43]} 21. Rcd1 {[%emt 0:02:37]} Re7 {[%emt 0:07:25]} 22. Qg5 {[%emt 0:02:42]} h6 {[%emt 0:09:49]} 23. Qc1 {[%emt 0:05:02]} Kh7 {[%emt 0:01:42]} 24. Rd2 {[%emt 0:04:47]} Red7 {[%emt 0:01:56]} 25. Red1 {[%emt 0:08:36]} d4 {[%emt 0:01:55]} 26. cxd4 {[%emt 0:00:15]} exd4 {[%emt 0:00:26]} 27. Ng3 {[%emt 0:05:20]} Nc8 {[%emt 0:15:06]} 28. Qb1 {[%emt 0:02:03]} N8e7 {[%emt 0:02:19]} 29. h4 {[%emt 0:04:45]} Kh8 {[%emt 0:06:07]} 30. Qe4 {[%emt 0:01:19]} Nd5 {[%emt 0:03:05]} 31. Ne2 {[%emt 0:02:29]} Re7 {[%emt 0:02:24]} 32. Qd3 {[%emt 0:00:56]} Rxe2 {[%emt 0:01:13]} 33. Rxe2 {[%emt 0:02:07]} Nf4 {[%emt 0:01:02]} 34. Qe4 {[%emt 0:00:17]} Nxe2+ {[%emt 0:00:10]} 35. Qxe2 {[%emt 0:00:07]} Qf6 {[%emt 0:00:38]} 36. Qe4 {[%emt 0:00:31]} Kg7 {[%emt 0:00:23]} 37. Rd3 {[%emt 0:00:46]} Qd6 {[%emt 0:01:09]} 38. h5 {[%emt 0:01:14]} g5 {[%emt 0:01:13]} 39. Rd1 {[%emt 0:02:08]} Qf6 {[%emt 0:00:25]} 40. Nh2 {[%emt 0:00:33]} Rd6 {[%emt 0:01:50] normal} 1/2-1/2

[Event "GER-ch Youth U16 2019"]
[Site "Willingen"]
[Date "2019.06.12"]
[Round "6.1"]
[White "Koellner, Ruben Gideon"]
[Black "Stork, Oliver"]
[Result "0-1"]
[WhiteElo "2299"]
[BlackElo "2224"]
[Annotator "NA"]
[PlyCount "48"]
[EventDate "2019.06.07"]
[EventType "swiss"]
[EventRounds "9"]
[EventCountry "GER"]
[SourceTitle "playchess.com"]
[Source "ChessBase"]
[SourceQuality "1"]
[TimeControl "40/5400+30:1800+30"]

1. d4 {[%emt 0:00:00]} d5 {[%emt 0:00:00]} 2. Bf4 {[%emt 0:00:00]} Nf6 {[%emt 0:00:00]} 3. e3 {[%emt 0:00:00]} c5 {[%emt 0:00:00]} 4. c3 {[%emt 0:00:00]} Nc6 {[%emt 0:00:00]} 5. Nd2 {[%emt 0:00:03]} e6 {[%emt 0:00:00]} 6. Ngf3 {[%emt 0:00:32]} Bd6 {[%emt 0:00:16]} 7. Bg3 {[%emt 0:00:08]} O-O {[%emt 0:00:16]} 8. Bd3 {[%emt 0:01:34]} b6 {[%emt 0:00:21]} 9. Ne5 {[%emt 0:00:47]} Bb7 {[%emt 0:00:10]} 10. f4 {[%emt 0:08:52]} Ne7 {[%emt 0:00:54]} 11. Qf3 {[%emt 0:00:45]} Nf5 {[%emt 0:00:39]} 12. Bf2 {[%emt 0:04:56]} Be7 {[%emt 0:00:53]} 13. O-O-O {[%emt 0:08:34]} Nd6 {[%emt 0:18:24]} 14. g4 {[%emt 0:00:45]} c4 {[%emt 0:04:06]} 15. Bc2 {[%emt 0:04:52]} b5 {[%emt 0:00:06]} 16. g5 {[%emt 0:04:21]} Nfe4 {[%emt 0:00:29]} 17. Nxe4 {[%emt 0:03:18]} dxe4 {[%emt 0:02:00]} 18. Qg2 {[%emt 0:00:15]} b4 {[%emt 0:11:49]} 19. cxb4 {[%emt 0:04:23]} a5 {[%emt 0:00:56]} 20. bxa5 {[%emt 0:01:09]} Qxa5 {[%emt 0:01:11]} 21. Be1 {[%emt 0:03:28]} Qxa2 {[%emt 0:03:53]} 22. Bc3 {[%emt 0:00:06]} Nb5 {[%emt 0:01:19]} 23. Kd2 {[%emt 0:00:21] normal} Nxc3 {[%emt 0:00:31]} 24. bxc3 {[%emt 0:00:07]} Qxc2+ 0-1